UBT Library

Family guide to natural medicine : (Record no. 39070)

000 -LEADER
fixed length control field 00735cam a2200229 a 4500
001 - CONTROL NUMBER
control field 4394462
005 - DATE AND TIME OF LATEST TRANSACTION
control field 20171218070139.0
008 - FIXED-LENGTH DATA ELEMENTS--GENERAL INFORMATION
fixed length control field 920212s1993 nyua 001 0 eng
010 ## - LIBRARY OF CONGRESS CONTROL NUMBER
LC control number 92006163
020 ## - INTERNATIONAL STANDARD BOOK NUMBER
International Standard Book Number 089577433X
040 ## - CATALOGING SOURCE
Original cataloging agency DLC
Transcribing agency DLC
Modifying agency DLC
041 ## - LANGUAGE CODE
Language code of text/sound track or separate title eng
080 ## - UNIVERSAL DECIMAL CLASSIFICATION NUMBER
Universal Decimal Classification number 616.5 GRA
082 00 - DEWEY DECIMAL CLASSIFICATION NUMBER
Classification number 616.5 GRA
Edition number 20
100 ## - Rafti
Rafti 4
101 ## - Shkurtesa
Shkurtesa SHM
245 00 - TITLE STATEMENT
Title Family guide to natural medicine :
Statement of responsibility, etc Reader's Digest.
740 0# - ADDED ENTRY--UNCONTROLLED RELATED/ANALYTICAL TITLE
Uncontrolled related/analytical title Reader's digest family guide to the natural medicine.
906 ## - LOCAL DATA ELEMENT F, LDF (RLIN)
a 7
b cbc
c orignew
d 1
e ocip
f 19
g y-gencatlg
942 ## - ADDED ENTRY ELEMENTS (KOHA)
Source of classification or shelving scheme
Item type Books
Holdings
Withdrawn status Lost status Source of classification or shelving scheme Damaged status Not for loan Collection code Permanent location Current location Shelving location Date acquired Total Checkouts Full call number Barcode Date last seen Price effective from Koha item type
          Koleksioni i përgjithshem UBT - Lipjan UBT - Lipjan Koleksioni i përgjithshem 12/18/2017   616.5 GRA 002-29471 12/18/2017 12/18/2017 Books
UBT Library © 2015-2024. All rights reserved University Education for Business and Technology